Sucesión por causa de muerte
Đã lưu trong:
| Tác giả chính: | |
|---|---|
| Định dạng: | Sách |
| Ngôn ngữ: | Tiếng Tây Ban Nha |
| Được phát hành: |
Santiago
Jurídica
2008
|
| Phiên bản: | 1a. ed |
| Loạt: | Manuales Jurídicos, 122
|
| Những chủ đề: | |
| Các nhãn: |
Thêm thẻ
Không có thẻ, Là người đầu tiên thẻ bản ghi này!
|
MARC
| LEADER | 00000nam a2200000 a 4500 | ||
|---|---|---|---|
| 001 | UCI6042 | ||
| 003 | CL-VaPUC | ||
| 008 | 080418e20080000CL |||||||||||||||||spa|d | ||
| 020 | |a 9789561018464 | ||
| 082 | 0 | 4 | |a 346.83052 |b RAM |2 21 |
| 100 | |a Ramos Pazos, René |e autor |9 297777 | ||
| 245 | 1 | 0 | |a Sucesión por causa de muerte |
| 250 | |a 1a. ed | ||
| 300 | |a 212 p | ||
| 942 | |c BK | ||
| 945 | |d 20080418 00:00:00 |a rbrito | ||
| 260 | |a Santiago |b Jurídica |c 2008 | ||
| 650 | 0 | |a Derecho sucesorio |9 255015 | |
| 650 | 7 | |a SUCESION |2 CL-VaPUC |9 375829 | |
| 650 | 0 | |a Herencia |9 256325 | |
| 650 | 7 | |a SUCESION POR CAUSA DE MUERTE |2 CL-VaPUC |9 387235 | |
| 650 | 7 | |a SUCESION INTESTADA |2 CL-VaPUC |9 390876 | |
| 650 | 0 | |a Testamento |9 258220 | |
| 650 | 0 | |a Asignaciones testamentarias |9 528741 | |
| 583 | |a last modification |c 20080418 00:00:00 |k Rodrigo Vera | ||
| 490 | 0 | |a Manuales Jurídicos, 122 | |
| 999 | |c 329645 |d 329643 | ||
| 952 | |0 0 |1 0 |4 0 |6 346_830520000000000_RAM_2008 |7 0 |8 A |9 414592 |a BIBDER |b BIBDER |d 2019-11-22 |i 4430948 |o 346.83052 RAM 2008 |p 4430948 |r 2023-01-25 |w 2019-11-22 |y BK |k DER | ||
| 952 | |0 0 |1 0 |4 0 |6 346_830520000000000_RAM_2008 |7 0 |8 A |9 414593 |a BIBDER |b BIBDER |d 2019-11-22 |i 4470974 |o 346.83052 RAM 2008 |p 4470974 |r 2023-01-25 |w 2019-11-22 |y BK |k DER | ||
| 952 | |0 0 |1 0 |4 0 |6 346_830520000000000_RAM_2008 |7 0 |8 A |9 414594 |a BIBDER |b BIBDER |d 2019-11-22 |i 4470982 |o 346.83052 RAM 2008 |p 4470982 |r 2023-01-25 |w 2019-11-22 |y BK |k DER | ||
| 952 | |0 0 |1 0 |4 0 |6 346_830520000000000_RAM_2008 |7 0 |8 A |9 414595 |a BIBDER |b BIBDER |d 2019-11-22 |i 4472632 |l 1 |o 346.83052 RAM 2008 |p 4472632 |r 2023-01-25 |s 2021-07-15 |w 2019-11-22 |y BK |k DER | ||
| 952 | |0 0 |1 0 |4 0 |6 346_830520000000000_RAM_2008 |7 0 |8 A |9 414596 |a BIBDER |b BIBDER |d 2019-11-22 |i 4472640 |o 346.83052 RAM 2008 |p 4472640 |r 2023-01-25 |w 2019-11-22 |y BK |k DER | ||
| 952 | |0 0 |1 0 |4 0 |6 346_830520000000000_RAM_2008 |7 0 |8 A |9 414597 |a BIBDER |b BIBDER |d 2019-11-22 |i 4472659 |o 346.83052 RAM 2008 |p 4472659 |r 2023-01-25 |w 2019-11-22 |y BK |k DER | ||